Gaming Quiz

Random Gaming or Card Games Quiz
Score 0/30 Timer 05:00
13 Plays Today
Question Answer % Correct
What is the name of Barbie's male doll counterpart?Ken
94.9%
Who is the protagonist of the Tomb Raider series?Lara Croft
89.2%
'Teddy Bear' plush toys are named for which US President?T. Roosevelt
87.1%
What gaming console was launched in 2001 by Microsoft?Xbox
85.6%
Jazz & Megatron are characters from what toy franchise?Transformers
80.5%
Name any Risk territory located in Africa.Egypt
79.7%
Ultimate is a sport utilizing what classic toy?Frisbee
79.2%
In what video game series might you drive on Rainbow Road?Mario Kart
78.5%
'Skip' & 'Wild Draw Four' are elements of which card game?Uno
77.9%
Which Clue(do) suspect's surname is the name of a fruit?Prof. Plum
74.2%
What is the most expensive Monopoly property (US or UK)?Boardwalk
73.9%
In what 1981 arcade game did Mario make his debut?Donkey Kong
73.5%
What boxer had his own NES game, featuring King Hippo?Mike Tyson
72.8%
What is the Blackjack term for a player's hand exceeding 21?Bust/Break
71.7%
In what game can you score a 50 pt. 'bingo' by playing 7 tiles?Scrabble
71.4%
Question Answer % Correct
'Klondike' is a variant of what single-player card game?Solitaire
71.1%
Name any of the body parts from the game Operation.Funny Bone
69.9%
Garry Kasparov is known as a world champion at what game?Chess
69.4%
In what country was Tetris designed?Russia
69.4%
Sega developed 1991's Sonic the Hedgehog for what console?Genesis
64.1%
Jaguar & 2600 are video game systems from what company?Atari
62.7%
What board game features Princess Lolly & Queen Frostine?Candyland
61.4%
Name the Pokémon protagonist known as Satoshi in Japan.Ash Ketchum
59.9%
Name a 1st generation Pokémon beginning with 'E'.Eevee
58.9%
What toy hero defends Castle Greyskull in Eternia?He-Man
57.4%
What game's lexicon includes mob, biome, ore, and creeper?Minecraft
57.1%
What game series, starring Kratos, is based on Greek Myth?God of War
53.6%
What kingdom is the main setting for the Legend of Zelda?Hyrule
51.3%
What Nebraska city lends its name to a variant of Poker?Omaha
50.3%
Name any of the 6 Dungeons & Dragons ability scores.Strength
46.6%
Remove Ads.
Support Sporcle.
Get the best of Sporcle when you Go Orange. This ad-free experience offers more features, more stats, and more fun while also helping to support Sporcle. Thank you for becoming a member.

You're not logged in!

Compare scores with friends on all Sporcle quizzes.
OR
Log In

Show Comments

Extras

Top Quizzes Today


Score Distribution

Your Account Isn't Verified!

In order to create a playlist on Sporcle, you need to verify the email address you used during registration. Go to your Sporcle Settings to finish the process.

Report this User

Report this user for behavior that violates our Community Guidelines.

Details: